[Event "Kirovakan"]
[Site "Kirovakan"]
[Date "1978.??.??"]
[Round "3"]
[White "Ornstein, Axel"]
[Black "Kupreichik, Viktor D"]
[Result "0-1"]
[WhiteElo "2425"]
[BlackElo "2490"]
[PlyCount "120"]
[EventDate "1978.08.04"]
[EventType "tourn"]
[EventRounds "15"]
[EventCountry "URS"]
[EventCategory "8"]
[SourceTitle "EXT 1999"]
[Source "ChessBase"]
[SourceDate "1998.11.16"]
[SourceVersion "1"]
[SourceVersionDate "1998.11.16"]
[SourceQuality "1"]

1. c4 e5 2. Nc3 Nc6 3. g3 d6 4. Bg2 Be6 5. Qa4 Qd7 6. Nd5 g6 7. b4 Bg7 8. b5
Nd8 9. Ba3 Nf6 10. Qa5 Bxd5 11. cxd5 O-O 12. Rc1 Ne8 13. Qb4 b6 14. Qc4 a6 15.
bxa6 Qc8 16. Bb4 Qxa6 17. Qxa6 Rxa6 18. a3 Nb7 19. e3 Nc5 20. Bf1 Ra7 21. f3 f5
22. Bc4 Nf6 23. Ne2 Nfd7 24. O-O e4 25. fxe4 fxe4 26. Rxf8+ Kxf8 27. Rf1+ Ke7
28. Bb5 Bb2 29. Rb1 Be5 30. g4 Nf6 31. g5 Nxd5 32. Bc6 Nxb4 33. axb4 Ne6 34.
Bxe4 Ra2 35. Rd1 Rb2 36. h4 Rxb4 37. d4 Bg7 38. Bd5 Rb5 39. Bc4 Rb2 40. Kf2 Rb4
41. Rc1 c5 42. Bxe6 Kxe6 43. Nf4+ Kf5 44. Kf3 Rb3 45. Rb1 Ra3 46. dxc5 Bd4 47.
cxb6 Bxe3 48. b7 Ba7+ 49. Kg2 Kxf4 50. Rb4+ Ke5 51. b8=Q Bxb8 52. Rxb8 Ra7 53.
Kf3 d5 54. Re8+ Kd4 55. Ke2 Rf7 56. Re6 Rf4 57. Ra6 Ke5 58. h5 Kf5 59. hxg6
hxg6 60. Ra5 Re4+ 0-1

[Event "Kirovakan"]
[Site "Kirovakan"]
[Date "1978.??.??"]
[Round "6"]
[White "Kupreichik, Viktor D"]
[Black "Petrosian, Arshak B"]
[Result "1-0"]
[WhiteElo "2490"]
[BlackElo "2415"]
[PlyCount "91"]
[EventDate "1978.08.04"]
[EventType "tourn"]
[EventRounds "15"]
[EventCountry "URS"]
[EventCategory "8"]
[SourceTitle "EXT 1999"]
[Source "ChessBase"]
[SourceDate "1998.11.16"]
[SourceVersion "1"]
[SourceVersionDate "1998.11.16"]
[SourceQuality "1"]

1. e4 e5 2. Nf3 Nc6 3. d4 exd4 4. Nxd4 Bc5 5. Nb3 Bb4+ 6. c3 Be7 7. g3 b6 8.
Nd4 Bb7 9. Bg2 Nxd4 10. cxd4 f5 11. f3 Bb4+ 12. Nc3 Qf6 13. O-O Bxc3 14. bxc3
Ne7 15. Bf4 O-O-O 16. a4 Nc6 17. d5 Na5 18. c4 Nxc4 19. Qc1 Qd4+ 20. Kh1 h6 21.
a5 g5 22. axb6 axb6 23. Rd1 Qc5 24. Bd2 fxe4 25. fxe4 Rhf8 26. Bc3 Nd6 27. Rb1
Kb8 28. Bb4 Qxc1 29. Rdxc1 Rf2 30. Bxd6 cxd6 31. Kg1 Ra2 32. Rxb6 Ra6 33. Rb2
Rc8 34. Rcb1 Rc7 35. Bf1 Ra5 36. Rb6 Ka7 37. Rxd6 Ra4 38. Rdb6 d6 39. Rxd6 Rxe4
40. Rxh6 Rd7 41. Bb5 Rf7 42. d6 Rd4 43. Ra1+ Kb6 44. Be8 Rf8 45. d7+ Kc7 46.
Rc1+ 1-0

[Event "Kirovakan"]
[Site "Kirovakan"]
[Date "1978.??.??"]
[Round "12"]
[White "Plachetka, Jan"]
[Black "Kupreichik, Viktor D"]
[Result "0-1"]
[WhiteElo "2460"]
[BlackElo "2490"]
[PlyCount "82"]
[EventDate "1978.08.04"]
[EventType "tourn"]
[EventRounds "15"]
[EventCountry "URS"]
[EventCategory "8"]
[SourceTitle "EXT 1999"]
[Source "ChessBase"]
[SourceDate "1998.11.16"]
[SourceVersion "1"]
[SourceVersionDate "1998.11.16"]
[SourceQuality "1"]

1. Nf3 d5 2. c4 d4 3. g3 Nc6 4. Bg2 e5 5. d3 Bb4+ 6. Nbd2 a5 7. O-O Nf6 8. a3
Be7 9. b3 O-O 10. Rb1 Re8 11. Ne1 Bd6 12. Nc2 Qe7 13. Ne4 Nxe4 14. Bxe4 Bg4 15.
Qd2 Nd8 16. e3 Bh3 17. Re1 dxe3 18. Nxe3 c6 19. Bf5 Bxf5 20. Nxf5 Qf6 21. Nxd6
Qxd6 22. d4 Qg6 23. Bb2 Ne6 24. dxe5 Rad8 25. Qe2 Rd3 26. Ba1 Red8 27. Qe4 Qxe4
28. Rxe4 Ng5 29. Rg4 Nf3+ 30. Kg2 g5 31. Rc1 h5 32. Re4 g4 33. c5 Rd1 34. Rec4
R8d2 35. h3 Ne1+ 36. Kh2 Rxf2+ 37. Kg1 Rdd2 38. Rxe1 Rg2+ 39. Kh1 Rh2+ 40. Kg1
Rdg2+ 41. Kf1 gxh3 0-1

[Event "Kirovakan"]
[Site "Kirovakan"]
[Date "1978.??.??"]
[Round "13"]
[White "Kupreichik, Viktor D"]
[Black "Stoica, Valentin"]
[Result "1-0"]
[WhiteElo "2490"]
[BlackElo "2420"]
[PlyCount "81"]
[EventDate "1978.08.04"]
[EventType "tourn"]
[EventRounds "15"]
[EventCountry "URS"]
[EventCategory "8"]
[SourceTitle "EXT 1999"]
[Source "ChessBase"]
[SourceDate "1998.11.16"]
[SourceVersion "1"]
[SourceVersionDate "1998.11.16"]
[SourceQuality "1"]

1. e4 e5 2. Nf3 Nc6 3. Bb5 a6 4. Ba4 Nf6 5. O-O Nxe4 6. d4 b5 7. Bb3 d5 8. dxe5
Be6 9. c3 Bc5 10. Nbd2 O-O 11. Bc2 Nxf2 12. Rxf2 f6 13. exf6 Bxf2+ 14. Kxf2
Qxf6 15. Nf1 Ne5 16. Be3 Qh4+ 17. Kg1 Nxf3+ 18. gxf3 Rf6 19. Bd4 Qg5+ 20. Kh1
Bh3 21. Ne3 Rf7 22. Qg1 Qf4 23. Qg3 Qxg3 24. hxg3 Rxf3 25. Bb3 Be6 26. Kg2 Rf7
27. Nxd5 Rd8 28. Nf4 Bxb3 29. axb3 c5 30. Ne6 Re8 31. Nxc5 Re2+ 32. Kh3 h5 33.
Rxa6 Rf1 34. Kh4 Rf5 35. g4 hxg4 36. Ra7 Rf7 37. Rb7 Rxb2 38. Rxb5 Rh2+ 39. Kg3
Rh3+ 40. Kxg4 Rhf3 41. Ne6 1-0

[Event "URS"]
[Site "Soviet Union"]
[Date "1979.??.??"]
[Round "?"]
[White "Kupreichik, Viktor D"]
[Black "Mochalov, Evgeny Veniaminovic"]
[Result "1-0"]
[WhiteElo "2365"]
[BlackElo "2450"]
[PlyCount "55"]
[EventDate "1979.??.??"]
[EventType "game"]
[EventRounds "9"]
[EventCountry "URS"]
[SourceTitle "EXT 2010"]
[Source "ChessBase"]
[SourceDate "2010.11.25"]
[SourceVersion "1"]
[SourceVersionDate "2010.11.25"]
[SourceQuality "1"]

1. e4 c5 2. Nf3 Nc6 3. d4 cxd4 4. Nxd4 Nf6 5. Nc3 e5 6. Ndb5 d6 7. Bg5 a6 8.
Na3 b5 9. Bxf6 gxf6 10. Nd5 f5 11. Bd3 Be6 12. c4 fxe4 13. Bxe4 Qa5+ 14. Kf1
Bg7 15. cxb5 axb5 16. Rc1 Ra6 17. g4 Bxd5 18. Qxd5 Ne7 19. Qb7 Qb6 20. Rc7 Qxb7
21. Rxb7 Ng6 22. Rb8+ Ke7 23. Rb7+ Ke6 24. Nxb5 Rxa2 25. Nc3 Ra1+ 26. Kg2 Nf4+
27. Kg3 Rxh1 28. Bf5+ 1-0

[Event "Minsk Sokolsky Memorial-09"]
[Site "Minsk"]
[Date "1979.01.??"]
[Round "?"]
[White "Kupreichik, Viktor D"]
[Black "Kapengut, Albert Z"]
[Result "1-0"]
[WhiteElo "2365"]
[BlackElo "2465"]
[PlyCount "81"]
[EventDate "1979.01.08"]
[EventType "tourn"]
[EventRounds "15"]
[EventCountry "URS"]
[SourceTitle "EXT 2018"]
[Source "ChessBase"]
[SourceDate "2017.10.13"]
[SourceVersion "1"]
[SourceVersionDate "2017.10.13"]
[SourceQuality "1"]

1. e4 e6 2. d4 d5 3. e5 c5 4. c3 Bd7 5. Nf3 Qb6 6. Be2 cxd4 7. cxd4 Bb5 8.
Bxb5+ Qxb5 9. Nc3 Qa6 10. Ne2 Bb4+ 11. Bd2 Bxd2+ 12. Qxd2 Ne7 13. O-O O-O 14.
Rfc1 Nbc6 15. Nf4 Rac8 16. Nh5 Ng6 17. h4 Qa5 18. Rc3 Qd8 19. g3 Qe7 20. Nh2
Rfd8 21. Ng4 Qf8 22. Rd1 Kh8 23. Rf3 Rc7 24. Qg5 h6 25. Qd2 Rdc8 26. Nf4 Qg8
27. Nxg6+ fxg6 28. Ne3 Ne7 29. Ng2 Qe8 30. Qd3 Rc4 31. b3 R4c6 32. Nf4 g5 33.
hxg5 hxg5 34. Kg2 g6 35. Rh1+ Kg7 36. Ne2 Nf5 37. g4 Nh4+ 38. Rxh4 gxh4 39. Rf6
R8c7 40. Nf4 Rc3 41. Nxe6+ 1-0

[Event "Match/Nation YUG-URS 15-25"]
[Site "Teslic"]
[Date "1979.??.??"]
[Round "?"]
[White "Kupreichik, Viktor D"]
[Black "Marjanovic, Slavoljub"]
[Result "1-0"]
[WhiteElo "2365"]
[BlackElo "2505"]
[PlyCount "85"]
[EventDate "1979.03.29"]
[EventType "team-match"]
[EventRounds "4"]
[EventCountry "YUG"]
[SourceTitle "MCD"]
[Source "ChessBase"]
[SourceDate "1999.07.01"]
[SourceVersion "1"]
[SourceVersionDate "1999.07.01"]
[SourceQuality "1"]
[WhiteTeam "Soviet Union"]
[BlackTeam "Yugoslavia"]
[WhiteTeamCountry "URS"]
[BlackTeamCountry "YUG"]

1. e4 c5 2. Nf3 d6 3. d4 cxd4 4. Nxd4 Nf6 5. Nc3 a6 6. Be2 e5 7. Nb3 Be7 8. O-O
Be6 9. f4 Qc7 10. a4 O-O 11. Kh1 Nbd7 12. f5 Bc4 13. Bg5 h6 14. Bh4 Rfc8 15.
Rf3 Qd8 16. Nd2 Bxe2 17. Qxe2 Rc6 18. Nc4 Nxe4 19. Nxe4 Bxh4 20. Ncxd6 Qc7 21.
Rd3 Be7 22. Rad1 Rd8 23. c3 Kf8 24. h3 Bxd6 25. Rxd6 Rxd6 26. Rxd6 Nf6 27. Qd3
Nxe4 28. Rxd8+ Ke7 29. Qxe4 Kxd8 30. c4 a5 31. Qd5+ Kc8 32. Kh2 e4+ 33. Kg1
Qb6+ 34. c5 Qxb2 35. Qxe4 Kb8 36. Kh2 f6 37. Qd5 Qe5+ 38. Qxe5+ fxe5 39. g4 Kc7
40. h4 Kc6 41. g5 hxg5 42. f6 gxf6 43. h5 1-0

[Event "Medina del Campo"]
[Site "Medina del Campo"]
[Date "1980.10.28"]
[Round "2"]
[White "Kupreichik, Viktor D"]
[Black "Suba, Mihai"]
[Result "1-0"]
[WhiteElo "2535"]
[BlackElo "2470"]
[PlyCount "91"]
[EventDate "1980.??.??"]
[EventType "tourn"]
[EventRounds "9"]
[EventCountry "ESP"]
[EventCategory "9"]
[SourceTitle "EXT 2002"]
[Source "ChessBase"]
[SourceDate "2001.11.25"]
[SourceVersion "1"]
[SourceVersionDate "2001.11.25"]
[SourceQuality "1"]

1. e4 c5 2. Nf3 d6 3. Nc3 e6 4. g3 Nf6 5. Bg2 Be7 6. O-O O-O 7. h3 Nc6 8. d3 a6
9. Nh2 Bd7 10. f4 b5 11. g4 b4 12. Ne2 e5 13. Nf3 exf4 14. Bxf4 Ne8 15. c3 bxc3
16. bxc3 Rc8 17. Kh1 Be6 18. Bh2 Qa5 19. Qd2 Nc7 20. Ng3 Bf6 21. e5 dxe5 22.
Nh5 Be7 23. Nxe5 Nxe5 24. Bxe5 f6 25. Nxg7 $1 Kxg7 26. Qg5+ Kh8 27. Rxf6 Bxf6
28. Bxf6+ Rxf6 29. Qxf6+ Kg8 30. Qg5+ Kh8 31. Qe5+ Kg8 32. Rf1 Qb5 33. Qg5+ Kh8
34. Qf6+ Kg8 35. Re1 Bf7 36. Re7 Rf8 37. Rxc7 Qxd3 38. Qg5+ Qg6 39. Rxc5 Bxa2
40. Qxg6+ hxg6 41. Rc6 Bf7 42. Rxa6 Rd8 43. Ra8 Rxa8 44. Bxa8 g5 45. Kg2 Kg7
46. h4 1-0

[Event "Medina del Campo"]
[Site "Medina del Campo"]
[Date "1980.10.30"]
[Round "4"]
[White "Marovic, Drazen"]
[Black "Kupreichik, Viktor D"]
[Result "0-1"]
[WhiteElo "2460"]
[BlackElo "2535"]
[PlyCount "54"]
[EventDate "1980.??.??"]
[EventType "tourn"]
[EventRounds "9"]
[EventCountry "ESP"]
[EventCategory "9"]
[SourceTitle "EXT 2002"]
[Source "ChessBase"]
[SourceDate "2001.11.25"]
[SourceVersion "1"]
[SourceVersionDate "2001.11.25"]
[SourceQuality "1"]

1. d4 d5 2. c4 e6 3. Nc3 c6 4. e3 Nf6 5. Nf3 Nbd7 6. Qc2 Bd6 7. Bd2 O-O 8.
O-O-O b5 9. cxb5 c5 10. e4 Bb7 11. exd5 Nxd5 12. Ne4 Be7 13. dxc5 Nxc5 14. Nxc5
Bxc5 15. Ng5 g6 16. Ne4 Bd4 17. Kb1 Rc8 18. Qd3 Nf6 19. f3 Nxe4 20. fxe4 Qf6
21. Bc1 Rfd8 22. Qf3 Qe5 23. Bd3 Rxc1+ $1 24. Rxc1 Bxb2 25. Rc2 Ba3 26. Rf1 f5
27. Qe2 Rd4 0-1

[Event "Medina del Campo"]
[Site "Medina del Campo"]
[Date "1980.11.01"]
[Round "5"]
[White "Kupreichik, Viktor D"]
[Black "Giorgadze, Tamaz"]
[Result "1-0"]
[WhiteElo "2535"]
[BlackElo "2540"]
[PlyCount "51"]
[EventDate "1980.??.??"]
[EventType "tourn"]
[EventRounds "9"]
[EventCountry "ESP"]
[EventCategory "9"]
[SourceTitle "EXT 2002"]
[Source "ChessBase"]
[SourceDate "2001.11.25"]
[SourceVersion "1"]
[SourceVersionDate "2001.11.25"]
[SourceQuality "1"]

1. e4 e5 2. Nf3 Nf6 3. Nxe5 d6 4. Nf3 Nxe4 5. Nc3 Nxc3 6. dxc3 Be7 7. Be3 O-O
8. Qd2 Nd7 9. O-O-O a6 10. Bd3 Bf6 11. g4 Ne5 12. Nxe5 dxe5 13. Qe2 Qe7 14. Be4
Bg5 15. f3 Bxe3+ 16. Qxe3 c6 17. Bd3 f5 18. h3 Bd7 19. Qb6 e4 20. fxe4 fxe4 21.
Qe3 Rae8 22. Rde1 Qf7 23. Rhf1 Qxa2 24. Rxf8+ Kxf8 25. Qc5+ Re7 26. Bc4 1-0

[Event "Medina del Campo"]
[Site "Medina del Campo"]
[Date "1980.11.03"]
[Round "7"]
[White "Kupreichik, Viktor D"]
[Black "Calvo Minguez, Ricardo"]
[Result "1-0"]
[WhiteElo "2535"]
[BlackElo "2420"]
[PlyCount "97"]
[EventDate "1980.??.??"]
[EventType "tourn"]
[EventRounds "9"]
[EventCountry "ESP"]
[EventCategory "9"]
[SourceTitle "EXT 2002"]
[Source "ChessBase"]
[SourceDate "2001.11.25"]
[SourceVersion "1"]
[SourceVersionDate "2001.11.25"]
[SourceQuality "1"]

1. d4 Nf6 2. Nf3 e6 3. c4 b6 4. g3 Ba6 5. b3 d5 6. cxd5 Nxd5 7. e4 Bxf1 8. Kxf1
Nf6 9. Qe2 Be7 10. Kg2 O-O 11. Rd1 Qc8 12. Ne5 Qb7 13. f3 c5 14. dxc5 Bxc5 15.
Ba3 Qe7 16. Bb2 Rc8 17. Nd3 Nc6 18. Nxc5 bxc5 19. Ba3 Nd7 20. Nc3 Nb4 21. Rac1
Rab8 22. Na4 h5 23. Rd2 Rc7 24. Qe3 a5 25. h4 Nb6 26. Nxc5 Rbc8 27. Nd3 Rxc1
28. Bxc1 Nxd3 29. Rxd3 Rc2+ 30. Bd2 Nc8 31. Rc3 Rxc3 32. Qxc3 Qd7 33. Qxa5 Qd3
34. Kf2 Ne7 35. Be3 Ng6 36. Qd2 Qb1 37. Kg2 Ne5 38. Bd4 Nd3 39. Bc3 f5 40. exf5
exf5 41. a4 Kh7 42. a5 f4 43. a6 fxg3 44. a7 Nf2 45. a8=Q Qh1+ 46. Kxg3 Qg1+
47. Kf4 Nh3+ 48. Ke4 Qg6+ 49. Kd4 1-0

[Event "Mikenas Cup"]
[Site "Klaipeda"]
[Date "1980.??.??"]
[Round "?"]
[White "Lapienis, Donatas P"]
[Black "Kupreichik, Viktor D"]
[Result "0-1"]
[WhiteElo "2340"]
[BlackElo "2535"]
[PlyCount "76"]
[EventDate "1980.??.??"]
[EventType "tourn"]
[EventRounds "11"]
[EventCountry "URS"]
[SourceTitle "EXT 2002"]
[Source "ChessBase"]
[SourceDate "2001.11.25"]
[SourceVersion "1"]
[SourceVersionDate "2001.11.25"]
[SourceQuality "1"]

1. d4 c5 2. d5 e5 3. e4 d6 4. a4 g6 5. Bd3 Bg7 6. Nd2 Nh6 7. Nc4 O-O 8. h4 f5
9. Bg5 Qc7 10. Ne2 f4 11. Bxh6 Bxh6 12. Nc3 a6 13. a5 Nd7 14. h5 g5 15. Na4 Nf6
16. Nab6 Rb8 17. Nxc8 Rbxc8 18. Ra3 Rfd8 19. Rb3 g4 20. Be2 Qg7 21. Rh4 f3 22.
gxf3 g3 23. Kf1 Kh8 24. fxg3 Qxg3 25. Qe1 Qg5 26. Ne3 Rg8 27. Qf2 c4 28. Rc3
Rc5 29. Qh2 Rxa5 30. Bxc4 Rc8 31. b4 Ra1+ 32. Ke2 b5 33. Qh3 Rxc4 34. Nxc4 bxc4
35. f4 Qg1 36. Rxc4 Qd1+ 37. Kf2 Qd2+ 38. Kf3 Ra3+ 0-1

[Event "Plovdiv"]
[Site "Plovdiv"]
[Date "1980.??.??"]
[Round "?"]
[White "Tringov, Georgi Petrov"]
[Black "Kupreichik, Viktor D"]
[Result "0-1"]
[WhiteElo "2455"]
[BlackElo "2535"]
[PlyCount "82"]
[EventDate "1980.??.??"]
[EventType "game"]
[EventRounds "11"]
[EventCountry "BUL"]
[SourceTitle "EXT 2010"]
[Source "ChessBase"]
[SourceDate "2010.11.25"]
[SourceVersion "1"]
[SourceVersionDate "2010.11.25"]
[SourceQuality "1"]

1. e4 c5 2. Nf3 Nc6 3. d4 cxd4 4. Nxd4 Nf6 5. Nc3 d6 6. Bg5 e6 7. Qd2 Be7 8.
O-O-O O-O 9. f3 a6 10. h4 Nxd4 11. Qxd4 Qa5 12. Kb1 b5 13. Qd2 b4 14. Ne2 e5
15. Nc1 Be6 16. g4 Rfd8 17. Bxf6 Bxf6 18. g5 Be7 19. Bh3 Bc4 20. b3 Bb5 21. h5
d5 22. exd5 Bc6 23. g6 Bxd5 24. gxf7+ Bxf7 25. Nd3 Qb6 26. Bf5 a5 27. h6 g6 28.
Be4 Ra7 29. Qe2 Qa6 30. Rde1 Qe6 31. Qf2 Rc7 32. f4 exf4 33. Bxg6 Qxg6 34. Rhg1
Bg5 35. Ne5 Qf5 36. Nf3 Bg6 37. Rxg5 Qf6 38. Rc5 Qb6 39. Ree5 a4 40. Kc1 axb3
41. cxb3 Rdc8 0-1

[Event "URS"]
[Site "Soviet Union"]
[Date "1980.??.??"]
[Round "?"]
[White "Dorfman, Josif D"]
[Black "Kupreichik, Viktor D"]
[Result "0-1"]
[WhiteElo "2540"]
[BlackElo "2535"]
[PlyCount "58"]
[EventDate "1980.??.??"]
[EventType "game"]
[EventRounds "9"]
[EventCountry "URS"]
[SourceTitle "EXT 2010"]
[Source "ChessBase"]
[SourceDate "2010.11.25"]
[SourceVersion "1"]
[SourceVersionDate "2010.11.25"]
[SourceQuality "1"]

1. d4 Nf6 2. Nf3 g6 3. c4 Bg7 4. Nc3 O-O 5. e4 d6 6. Be2 e5 7. O-O Nc6 8. d5
Ne7 9. Bd2 Nh5 10. g3 f5 11. exf5 Nxf5 12. Ne4 Nf6 13. Bd3 Bh6 14. Bc3 Ng7 15.
Nfd2 Ngh5 16. Re1 Bf5 17. c5 Qd7 18. cxd6 cxd6 19. f3 Rf7 20. Nc4 Bxe4 21. fxe4
b5 22. Na3 Nxg3 23. hxg3 Qh3 24. Qf3 Ng4 25. Qg2 Qh5 26. Qh1 Rf3 27. Qxh5 Rxg3+
28. Kh1 gxh5 29. Be2 Rh3+ 0-1

[Event "URS-chT Cup 11th"]
[Site "Rostov on Don"]
[Date "1980.05.??"]
[Round "2"]
[White "Kupreichik, Viktor D"]
[Black "Vaganian, Rafael A"]
[Result "1-0"]
[WhiteElo "2530"]
[BlackElo "2600"]
[Annotator "RR"]
[PlyCount "59"]
[EventDate "1980.05.23"]
[EventType "team-tourn"]
[EventRounds "7"]
[EventCountry "URS"]
[SourceTitle "EXT 2020"]
[Source "ChessBase"]
[SourceDate "2019.10.17"]
[SourceVersion "1"]
[SourceVersionDate "2019.10.17"]
[SourceQuality "1"]
[WhiteTeam "Dinamo"]
[BlackTeam "Spartak"]
[WhiteTeamCountry "URS"]
[BlackTeamCountry "URS"]

1. e4 e6 2. d4 d5 3. e5 Ne7 (3... c5 {la ligne principale}) 4. Nf3 b6 5. c4 {
une variante trés rare} (5. c3 $142) 5... Bb7 6. Nc3 Qd7 $146 (6... Nbc6 7.
cxd5 Nxd5 8. Bc4 Nxc3 9. bxc3 Be7 10. O-O O-O 11. Bd3 Na5 12. Qe2 a6 13. Bf4
Bd5 14. Rfe1 b5 15. Nd2 c5 16. Qg4 g6 17. Ne4 cxd4 18. cxd4 Nc6 19. Ng5 Nb4 20.
Bb1 h5 21. Qg3 {Kupreichik,V (2365)-Petrosian,T (2610)/Moscow 1979/MCD/1/2-1/2
(41)}) 7. cxd5 Nxd5 8. Bd3 c5 (8... Be7) (8... Nc6 9. O-O Ncb4 10. Bb5 c6 11.
Be2 Nc7 {[%cal Gb4d5]} 12. a3 Nbd5 13. Ne4 $14) 9. O-O Nxc3 10. bxc3 cxd4 11.
Nxd4 Nc6 12. Rb1 Bc5 $5 (12... Qd5 $5) 13. Be3 O-O-O (13... Bxd4 14. cxd4 Ne7
15. Qg4 O-O (15... h5 16. Qg5 h4 17. h3 Kf8 $13) 16. Bh6 Ng6) 14. Bb5 Bxd4 (
14... Qd5 $142 {[%cal Gd5g2,Gc6d4]}) 15. Bxd4 (15. cxd4 Qd5 16. Qg4 Nxd4 17.
Rfd1 h5 $1) 15... Qd5 16. Bxc6 Bxc6 17. f3 h5 18. a4 Kb7 (18... h4 $5 19. a5 h3
20. axb6 hxg2 21. Rf2 axb6 22. Rxb6 Kd7 $1 23. Rfb2 Qxf3 24. Qxf3 Bxf3 25. Rd6+
Ke7 26. Rxd8 (26. Rf2) 26... Rxd8 27. Bc5+ Ke8) 19. Qe2 Qa5 (19... Bxa4 20. Rb4
$1 (20. Ra1 Bb5) 20... b5 21. Ra1 $36) 20. Rb4 Rd5 $6 {Le plan des noirs de
doubler les R sur la colonne "d" parait trop lent} (20... g5 $5 21. Rfb1 Rhg8 (
21... h4) (21... g4 22. fxg4 (22. f4 h4)) 22. Bf2 g4 23. f4) 21. Rfb1 Rhd8 22.
h4 Ka8 23. Kh2 Bxa4 $2 24. Bxb6 $3 axb6 25. Rxb6 {[%cal Ge2a6]} Ka7 26. Rb7+
Ka8 27. Qb2 R8d7 28. Rxd7 Rb5 29. Qe2 Rxe5 30. Rd8+ 1-0

[Event "URS-chT Cup 11th"]
[Site "Rostov on Don"]
[Date "1980.05.??"]
[Round "4.2"]
[White "Kupreichik, Viktor D"]
[Black "Palatnik, Semon"]
[Result "1-0"]
[WhiteElo "2535"]
[BlackElo "2505"]
[PlyCount "81"]
[EventDate "1980.05.23"]
[EventType "team-tourn"]
[EventRounds "7"]
[EventCountry "URS"]
[SourceTitle "EXT 2015"]
[Source "ChessBase"]
[SourceDate "2014.11.20"]
[SourceVersion "1"]
[SourceVersionDate "2014.11.20"]
[SourceQuality "1"]
[WhiteTeam "Dinamo"]
[BlackTeam "Country Societies"]
[WhiteTeamCountry "URS"]
[BlackTeamCountry "URS"]

1. e4 c5 2. Nf3 e6 3. d4 cxd4 4. Nxd4 Nf6 5. Nc3 Nc6 6. Ndb5 Bb4 7. a3 Bxc3+ 8.
Nxc3 d5 9. exd5 exd5 10. Bd3 O-O 11. O-O d4 12. Ne2 Bg4 13. Bg5 Qd6 14. Qd2
Bxe2 15. Bf4 Qd7 16. Bxe2 Rfe8 17. Rfe1 Re7 18. Bf3 Rae8 19. Rxe7 Rxe7 20. Re1
Rxe1+ 21. Qxe1 h6 22. Qe2 g5 23. Bc1 Qc7 24. h4 Ne5 25. hxg5 Nxf3+ 26. gxf3
hxg5 27. Bxg5 Nh7 28. Bh6 Qc6 29. Bf4 Nf8 30. Be5 Ne6 31. f4 Kf8 32. f3 Qc5 33.
Kf1 f6 34. Bxf6 Qf5 35. Be5 Kf7 36. Qe4 Qh3+ 37. Ke1 Qh1+ 38. Kd2 Qg2+ 39. Qe2
Qh3 40. b4 a6 41. Qe4 1-0

[Event "Moscow-4teams"]
[Site "Moscow"]
[Date "1981.02.26"]
[Round "4.5"]
[White "Kupreichik, Viktor D"]
[Black "Kochyev, Alexander"]
[Result "1-0"]
[WhiteElo "2575"]
[BlackElo "2540"]
[Annotator "Dolmatov,S"]
[PlyCount "111"]
[EventDate "1981.02.22"]
[EventType "team"]
[EventRounds "6"]
[EventCountry "URS"]
[SourceTitle "MCL"]
[Source "ChessBase"]
[SourceDate "1999.07.01"]
[SourceVersion "1"]
[SourceVersionDate "1999.07.01"]
[SourceQuality "1"]
[WhiteTeam "Soviet Union II"]
[BlackTeam "Soviet Union U26"]
[WhiteTeamCountry "URS"]
[BlackTeamCountry "URS"]

1. e4 c5 2. Nf3 e6 3. d4 cxd4 4. Nxd4 a6 5. Nc3 Qc7 6. Bd3 Nc6 7. Be3 (7. Nxc6
bxc6 8. O-O Nf6 9. Qe2 d5 10. Bg5 Bb7 11. f4 Be7 12. e5 Nd7 13. Bxe7 Kxe7 14.
Na4 $14 {Spassky,B-Petrosian,T/Palma de Mallorca/1969/}) 7... Nf6 8. Qe2 Bd6 9.
O-O-O (9. g3 Be5 10. Nxc6 Bxc3+ 11. bxc3 Qxc6 12. Bd4 b5 $10) 9... Be5 (9...
O-O $6 10. g3 Be7 11. f4 $16) 10. Nxc6 bxc6 (10... dxc6 11. Qd2 Qa5 $10) (10...
Bxc3 11. Nd4 $16) 11. Na4 Rb8 12. b3 (12. g3 Rb4 $13 {Gipslis,A-Taimanov,M/URS/
1959/}) 12... Rb4 13. Bd2 Rxa4 $44 14. bxa4 Qd6 $6 (14... O-O 15. c3 d5 $40)
15. c3 O-O (15... Qa3+ $2 16. Kb1 Bxc3 17. Bxc3 Qxc3 18. Qb2 $16) 16. Kb1 Bb7
17. g3 Rb8 18. Ka1 Qa3 19. Qe1 (19. Rb1 Bxc3+ 20. Bxc3 Qxc3+ 21. Rb2 Bc8 22.
Qc2 Qd4 23. Rd1) 19... c5 20. Rb1 Qxa4 21. f4 Bc7 22. c4 $14 Qc6 23. Ba5 Bxa5
24. Qxa5 Qd6 (24... Nxe4 $2 25. Rb6 Qc7 26. Rhb1 $18) 25. Qc3 Nxe4 26. Bxe4 (
26. Qe5 $2 Qxe5+ 27. fxe5 Nf2 $1) 26... Bxe4 27. Rxb8+ Qxb8 28. Rd1 Qc7 29. Qe5
Qxe5+ 30. fxe5 Bc6 31. Rb1 $16 f6 32. Rb6 a5 33. Rb5 a4 34. Rxc5 Kf7 35. Kb2 f5
36. Kc3 g5 37. Kd4 f4 38. gxf4 gxf4 39. Ra5 f3 $6 (39... Kg6 40. Rb5 Kg5 41.
Rb8 h5 $14) 40. Ke3 Kg6 41. Rb5 Kf5 42. Rb8 Kxe5 43. Rh8 Be4 44. a3 f2 (44...
d5 45. cxd5 exd5 46. Re8+ Kf6 47. Ra8 $18) 45. Rf8 Bf5 46. Kxf2 Kd4 47. Rc8 e5
48. c5 e4 49. Re8 h5 (49... Bg6 50. Re7 Kxc5 51. Rxd7 Kc4 52. Rb7 Kd3 53. Rb4
e3+ 54. Ke1 Be8 55. Rh4 $16) 50. Kg3 e3 51. Kf4 Bg4 (51... Be6 52. c6 e2 53.
cxd7 $18) 52. Re4+ Kxc5 53. Kxe3 Kb5 54. h4 d5 55. Rb4+ Ka5 56. Kd4 1-0

[Event "URS-chT Republics 15th final A"]
[Site "Moscow"]
[Date "1981.05.??"]
[Round "4.1"]
[White "Kupreichik, Viktor D"]
[Black "Beliavsky, Alexander G"]
[Result "1-0"]
[WhiteElo "2575"]
[BlackElo "2620"]
[PlyCount "65"]
[EventDate "1981.05.16"]
[EventType "team-tourn"]
[EventRounds "9"]
[EventCountry "URS"]
[SourceTitle "EXT 2009"]
[Source "ChessBase"]
[SourceDate "2008.11.26"]
[SourceVersion "1"]
[SourceVersionDate "2008.11.26"]
[SourceQuality "1"]
[WhiteTeam "Belarus"]
[BlackTeam "Ukraine"]
[WhiteTeamCountry "BLR"]
[BlackTeamCountry "UKR"]

1. e4 e5 2. Nf3 Nc6 3. Bb5 a6 4. Ba4 Nf6 5. O-O Be7 6. Re1 b5 7. Bb3 d6 8. c3
O-O 9. d3 Na5 10. Bc2 c5 11. Nbd2 h6 12. Nf1 Be6 13. Ng3 Re8 14. d4 cxd4 15.
cxd4 Qc7 16. b3 Bg4 17. d5 Nb7 18. Be3 Rac8 19. Rc1 Qa5 20. a4 Nc5 21. Bd2 b4
22. h3 Bd7 23. Be3 Qb6 24. Nd2 a5 25. Bd3 Nh7 26. Rc2 Nf8 27. Be2 Bg5 28. Bg4
Bxe3 29. Rxe3 g6 30. h4 h5 31. Bxh5 gxh5 32. Qxh5 Qd8 33. Qh6 1-0